Manual de administración estratégica
Uloženo v:
| Hlavní autor: | |
|---|---|
| Médium: | Kniha |
| Jazyk: | španělština |
| Vydáno: |
Ciudad de México
McGraw-Hill
1984
|
| Témata: | |
| Tagy: |
Přidat tag
Žádné tagy, Buďte první, kdo vytvoří štítek k tomuto záznamu!
|
MARC
| LEADER | 00000nam a2200000 a 4500 | ||
|---|---|---|---|
| 001 | UCH0621 | ||
| 003 | CL-VaPUC | ||
| 008 | 090320e19840000MX |||||||||||||||||spa|d | ||
| 020 | |a 9684515855 | ||
| 082 | 0 | 4 | |a 658.4012 |b ALB |2 21 |
| 100 | 0 | |a Albert, Kenneth J |e author |9 534873 | |
| 245 | 1 | 0 | |a Manual de administración estratégica |
| 300 | |a pág. irreg | ||
| 942 | |c BK | ||
| 945 | |d 20090320 00:00:00 |a rbrito | ||
| 260 | |a Ciudad de México |b McGraw-Hill |c 1984 | ||
| 650 | 0 | |a Planificación estratégica |9 259735 | |
| 650 | 0 | |a Administración de empresas |9 260833 | |
| 650 | 0 | |a Gestión administrativa |9 375217 | |
| 650 | 7 | |a PLANIFICACION |2 CL-VaPUC |9 260802 | |
| 583 | |a last modification |c 20140403 04:25:59 |k Rodrigo Vera | ||
| 999 | |c 332903 |d 332901 | ||
| 952 | |0 0 |1 0 |4 0 |6 658_401200000000000_ALB_1984 |7 0 |8 A |9 420961 |a BIBING |b BIBING |d 2019-11-22 |i 4514815 |o 658.4012 ALB 1984 |p 4514815 |r 2025-01-20 |w 2019-11-22 |y BK |k EII | ||